| 000 | 01290nam a2200373 i 4500 | ||
|---|---|---|---|
| 001 | 197031 | ||
| 003 | SpMaBN | ||
| 005 | 20250718173611.0 | ||
| 007 | ta | ||
| 008 | 250314s2024 sp | |||| 000 p spa | ||
| 015 | _aMON24 | ||
| 017 |
_aM 1391-2024 _bOficina Depósito Legal Madrid |
||
| 020 |
_a9788432166754 _qedición impresa |
||
| 020 |
_a9788432166761 _qedición digital |
||
| 035 | _a(SpMaBN)a7466207 | ||
| 040 |
_aSpMaBN _bspa _cSpMaBN _erda _dES-MaACL |
||
| 080 | _a821.134.2-1"20" | ||
| 100 | 1 |
_aDíaz Mola, Antonio _eaut _9239829 |
|
| 245 | 1 | 3 |
_aEl aire dividido / _cAntonio Díaz Mola. |
| 264 | 1 |
_aMadrid : _bEdiciones Rialp, _c[2024]. |
|
| 264 | 4 | _c©2024 | |
| 300 |
_a70 páginas ; _c17 cm. |
||
| 336 |
_aTexto _2rdacontent |
||
| 337 |
_asin mediación _2rdamedia |
||
| 338 |
_avolumen _2rdacarrier |
||
| 490 | 1 |
_aAdonáis ; _v693 _x000000010725313X |
|
| 586 | _aAccésit del Premio Adonáis 2023 | ||
| 655 | 7 |
_aPoesías _2tgfbne _9176539 |
|
| 852 |
_aES-MaACL _cDEPO2 _jJ-23-693 _xEncuadernación rústica _9206239 _hDonación: Editorial |
||
| 942 |
_n0 _cMONOGRAFIA |
||
| 999 |
_c197031 _d197031 |
||